[Event "4NCL Online Division 2"]
[Site "online"]
[Date "2020.05.05"]
[Round "5.93"]
[White "Heaven, Pete"]
[Black "Davies, Neil"]
[Result "0-1"]
[WhiteElo "1979"]
[BlackElo "1937"]
[PlyCount "54"]
[EventDate "2020.05.05"]
[WhiteTeam "Rhyfelwyr Essyllwg"]
[BlackTeam "Mushrooms 1"]

1. e4 e5 2. Nf3 Nc6 3. Bb5 a6 4. Ba4 Nf6 5. O-O Nxe4 6. d4 Be7 7. Re1 b5 8. Bb3
d5 9. dxe5 Be6 10. c3 O-O 11. Nbd2 Nc5 12. Bc2 d4 13. cxd4 Nxd4 14. Nxd4 Qxd4
15. Nf3 Qxd1 16. Rxd1 Rad8 17. Nd4 Bd7 18. Be3 Na4 19. Bxa4 bxa4 20. Rdc1 c5
21. Nf3 Rb8 22. b3 Rfc8 23. Nd2 Be6 24. Nc4 axb3 25. axb3 Rxb3 26. Rxa6 Bxc4
27. Rxc4 Rb1+ 0-1

[Event "4NCL Online Division 2"]
[Site "online"]
[Date "2020.05.05"]
[Round "5.94"]
[White "Nash, Richard J"]
[Black "Hewitt, William"]
[Result "0-1"]
[WhiteElo "1937"]
[BlackElo "1997"]
[PlyCount "66"]
[EventDate "2020.05.05"]
[WhiteTeam "Mushrooms 1"]
[BlackTeam "Rhyfelwyr Essyllwg"]

1. d4 Nf6 2. c4 g6 3. Nc3 d5 4. Nf3 Bg7 5. h4 dxc4 6. e4 c5 7. d5 b5 8. h5 O-O
9. hxg6 fxg6 10. e5 Ng4 11. d6 e6 12. Rxh7 Rf5 13. Rh3 Nc6 14. Nxb5 Ngxe5 15.
Nxe5 Nxe5 16. Be3 Rb8 17. Nc7 Rxb2 18. Rc1 Qf8 19. f3 Bd7 20. Bxc5 Rxg2 21.
Bxg2 Nd3+ 22. Kf1 Nxc1 23. Ba3 Nd3 24. Rh4 Rf4 25. Rxf4 Qxf4 26. Qe2 Qd4 27.
Qd2 Bh6 28. Qc2 Qa1+ 29. Bc1 Qxc1+ 30. Qxc1 Nxc1 31. Bh3 Kf7 32. Nd5 Nxa2 33.
Ke2 Bf8 0-1

[Event "4NCL Online Division 2"]
[Site "online"]
[Date "2020.05.05"]
[Round "5.101"]
[White "MacQueen, Stuart"]
[Black "Sedykh, Mikhail"]
[Result "0-1"]
[WhiteElo "2095"]
[BlackElo "2215"]
[PlyCount "128"]
[EventDate "2020.05.05"]
[WhiteTeam "Schach Attack"]
[BlackTeam "Catford Cosmonauts 1"]

1. d4 d5 2. c4 e6 3. Nf3 Nf6 4. Bf4 Be7 5. Nc3 O-O 6. e3 b6 7. Bd3 dxc4 8. Bxc4
Ba6 9. Qe2 Bxc4 10. Qxc4 c5 11. O-O Nc6 12. Rfd1 Qc8 13. d5 exd5 14. Nxd5 Nxd5
15. Qxd5 Rd8 16. Qe4 Qe6 17. Qxe6 fxe6 18. Ne5 Nxe5 19. Bxe5 Kf7 20. e4 Bf6 21.
Bxf6 gxf6 22. f3 e5 23. Kf2 Ke6 24. Ke2 Rd4 25. Rd3 b5 26. Rc1 c4 27. Rdc3 Kd6
28. R3c2 Kc5 29. a3 a5 30. b3 Rb8 31. g3 a4 32. b4+ Kd6 33. Rd1 Ke6 34. Rcd2
Rbd8 35. Rxd4 exd4 36. f4 f5 37. e5 Kd5 38. Kd2 h5 39. Re1 Re8 40. h3 Re6 41.
Kc2 Rg6 42. Rg1 Ke4 43. Re1+ Kd5 44. Rg1 Rg7 45. Kd2 Ke4 46. Re1+ Kf3 47. e6
Re7 48. Re5 Kxg3 49. Rxf5 Rxe6 50. Rxb5 Kf3 51. f5 Re2+ 52. Kd1 Rf2 53. Rc5 c3
54. b5 Ke3 55. b6 Kd3 56. Ke1 Rb2 57. f6 Rxb6 58. Rf5 Re6+ 59. Kf2 c2 60. f7
c1=Q 61. f8=Q Qe3+ 62. Kf1 Qe2+ 63. Kg1 Rg6+ 64. Kh1 Qg2# 0-1

[Event "4NCL Online Division 2"]
[Site "online"]
[Date "2020.05.05"]
[Round "5.102"]
[White "Stemp, Matthew J"]
[Black "Alizada, Eldar"]
[Result "1/2-1/2"]
[WhiteElo "2125"]
[BlackElo "2057"]
[PlyCount "113"]
[EventDate "2020.05.05"]
[WhiteTeam "Catford Cosmonauts 1"]
[BlackTeam "Schach Attack"]

1. Nf3 d5 2. c4 e6 3. g3 Nf6 4. Bg2 Be7 5. O-O O-O 6. b3 b6 7. Bb2 Bb7 8. d3 c5
9. cxd5 Nxd5 10. Nbd2 Nc6 11. a3 Bf6 12. Qc2 Rc8 13. e3 Bxb2 14. Qxb2 Qf6 15.
Qxf6 Nxf6 16. Rfd1 Rfd8 17. Nc4 Rc7 18. Rd2 b5 19. Nce5 Nxe5 20. Nxe5 Bxg2 21.
Kxg2 Nd7 22. Nf3 Nb6 23. a4 bxa4 24. bxa4 Rcd7 25. a5 Nd5 26. Rc1 Nb4 27. d4
cxd4 28. Rxd4 Rxd4 29. Nxd4 Kf8 30. Rc7 a6 31. Nc6 Nxc6 32. Rxc6 Ra8 33. Rc7
Ke8 34. Kf3 Rd8 35. Rc6 Ra8 36. Ke4 Kd7 37. Rb6 Ra7 38. g4 Ke7 39. h4 Kd7 40.
f4 Ke7 41. Kd4 Kd7 42. e4 Ke7 43. e5 f6 44. exf6+ gxf6 45. Ke4 h6 46. h5 Kf7
47. f5 e5 48. g5 hxg5 49. h6 Ra8 50. Rb7+ Kg8 51. Rg7+ Kh8 52. Rf7 g4 53. Rxf6
Rg8 54. Rg6 Rxg6 55. fxg6 Kg8 56. Ke3 Kh8 57. Ke4 1/2-1/2

[Event "4NCL Online Division 2"]
[Site "online"]
[Date "2020.05.05"]
[Round "5.103"]
[White "Moyse, Nigel John"]
[Black "Roberts, Mike"]
[Result "0-1"]
[WhiteElo "2035"]
[BlackElo "2027"]
[PlyCount "82"]
[EventDate "2020.05.05"]
[WhiteTeam "Schach Attack"]
[BlackTeam "Catford Cosmonauts 1"]

1. d4 e6 2. Bf4 f5 3. e3 Nf6 4. Nf3 b6 5. Be2 Bb7 6. O-O Be7 7. h3 O-O 8. c4 d6
9. Nc3 h6 10. Bh2 Nbd7 11. b4 Ne4 12. Qc2 Nxc3 13. Qxc3 Bf6 14. Rab1 a5 15. b5
Qe7 16. Nd2 e5 17. Rbe1 g6 18. Bf3 Bxf3 19. Nxf3 Rae8 20. Rd1 exd4 21. exd4 g5
22. Nd2 Qg7 23. Nb1 Re4 24. Qb3 a4 25. Qxa4 Bxd4 26. Nd2 Nc5 27. Qa7 Re2 28.
Nf3 Bf6 29. Rfe1 g4 30. hxg4 fxg4 31. Nd2 Rxf2 32. Bg3 Bd4 33. Kh1 Qf7 34. Qa3
Qh5+ 35. Bh2 Be5 36. Rxe5 dxe5 37. Qg3 Rxd2 38. Re1 Re2 39. Rd1 Ne4 40. Qxe5
Qxe5 41. Bxe5 Nf2+ 0-1

[Event "4NCL Online Division 2"]
[Site "online"]
[Date "2020.05.05"]
[Round "5.104"]
[White "Gluckman, Tim"]
[Black "Burrows, Nick"]
[Result "1/2-1/2"]
[WhiteElo "1907"]
[BlackElo "2072"]
[PlyCount "61"]
[EventDate "2020.05.05"]
[WhiteTeam "Catford Cosmonauts 1"]
[BlackTeam "Schach Attack"]

1. c4 f5 2. g3 Nf6 3. Bg2 e6 4. Nf3 d5 5. O-O c6 6. d3 Be7 7. b3 O-O 8. Bb2
Nbd7 9. Nbd2 b6 10. Qc2 Bb7 11. Nd4 Kf7 12. cxd5 cxd5 13. N2f3 h6 14. Qd2 Rc8
15. Rac1 Bd6 16. Rxc8 Qxc8 17. Rc1 Qd8 18. b4 Qe7 19. a3 Kg8 20. Nb5 Bb8 21.
Nfd4 Ne5 22. f4 Nf7 23. Nf3 a6 24. Nbd4 b5 25. Nc6 Bxc6 26. Rxc6 Nd8 27. Rc8
Qb7 28. Qc1 Ba7+ 29. Bd4 Nf7 30. Rxf8+ Kxf8 31. Bc5+ 1/2-1/2

[Event "4NCL Online Division 2"]
[Site "online"]
[Date "2020.05.05"]
[Round "5.111"]
[White "Fraser-Mitchell, Jeremy N"]
[Black "Gardner, James"]
[Result "0-1"]
[WhiteElo "2058"]
[BlackElo "2132"]
[PlyCount "82"]
[EventDate "2020.05.05"]
[WhiteTeam "St Albans 1"]
[BlackTeam "MK Phoenix 1"]

1. d4 d5 2. Bf4 Nf6 3. e3 c5 4. c3 Nc6 5. Nd2 e6 6. Ngf3 Bd6 7. Bg3 O-O 8. Bd3
b6 9. Ne5 Bb7 10. f4 Ne7 11. Qb1 g6 12. O-O Nf5 13. Rf3 cxd4 14. cxd4 Be7 15.
Be1 Kg7 16. Rh3 Rc8 17. g4 Nd6 18. f5 Nfe4 19. fxe6 fxe6 20. Ndf3 Rc7 21. Bb4
Rf6 22. Qe1 Rf8 23. Qe2 a5 24. Bxd6 Bxd6 25. Rf1 Qe7 26. a3 Rcc8 27. Qe1 Bc6
28. Kh1 Ba4 29. Rg1 Bc2 30. Bb5 Bxe5 31. Nxe5 Nf2+ 32. Kg2 Nxh3 33. Kxh3 Qg5
34. Bd7 Rc7 35. Bxe6 Be4 36. Kg3 Re7 37. h4 Qf6 38. Bf5 Rxe5 39. dxe5 Qxe5+ 40.
Kh3 gxf5 41. gxf5+ Kh8 0-1

[Event "4NCL Online Division 2"]
[Site "online"]
[Date "2020.05.05"]
[Round "5.112"]
[White "Brown, Alan M"]
[Black "Gooding, Ian"]
[Result "1/2-1/2"]
[WhiteElo "2008"]
[BlackElo "2080"]
[PlyCount "87"]
[EventDate "2020.05.05"]
[WhiteTeam "MK Phoenix 1"]
[BlackTeam "St Albans 1"]

1. d4 d5 2. c4 c6 3. Nf3 Nf6 4. cxd5 cxd5 5. Nc3 Nc6 6. Bf4 Ne4 7. e3 Nxc3 8.
bxc3 g6 9. Bd3 Bg7 10. O-O O-O 11. Rb1 f6 12. e4 e5 13. dxe5 Nxe5 14. Bxe5 fxe5
15. exd5 Qxd5 16. Qe2 Kh8 17. Bc4 Qa5 18. Ng5 Qc7 19. Rfd1 Bf5 20. Rb5 a6 21.
Rb2 h6 22. Ne6 Bxe6 23. Bxe6 Rad8 24. Rbd2 Rxd2 25. Qxd2 e4 26. c4 b6 27. Qe3
Rd8 28. Rxd8+ Qxd8 29. Bd5 Qf6 30. g3 Qd4 31. Qxd4 Bxd4 32. Bxe4 Kg7 33. Kf1
Kf6 34. f4 g5 35. fxg5+ hxg5 36. h4 gxh4 37. gxh4 Ke5 38. Bd5 b5 39. Ke2 Kd6
40. Kd3 Kc5 41. Be6 Bf6 42. h5 bxc4+ 43. Bxc4 a5 44. a4 1/2-1/2

[Event "4NCL Online Division 2"]
[Site "online"]
[Date "2020.05.05"]
[Round "5.113"]
[White "Ellis, Aidan B"]
[Black "Cox, Toby"]
[Result "1-0"]
[WhiteElo "1967"]
[BlackElo "2020"]
[PlyCount "49"]
[EventDate "2020.05.05"]
[WhiteTeam "St Albans 1"]
[BlackTeam "MK Phoenix 1"]

1. e4 e6 2. d4 d5 3. Nc3 Nf6 4. Bg5 Be7 5. e5 Nfd7 6. h4 a6 7. Qg4 Bxg5 8. hxg5
Qe7 9. g6 f5 10. exf6 Nxf6 11. Qg3 h6 12. Nf3 O-O 13. Bd3 c5 14. dxc5 Qxc5 15.
O-O-O Nc6 16. Rh4 Re8 17. Rdh1 Qe7 18. Ng5 e5 19. Nf7 e4 20. Qf4 exd3 21. Rxh6
Kf8 22. Nxd5 d2+ 23. Kxd2 Qe2+ 24. Kc1 Nxd5 25. Qd6+ 1-0

[Event "4NCL Online Division 2"]
[Site "online"]
[Date "2020.05.05"]
[Round "5.114"]
[White "Hunt, Peter"]
[Black "Gemmell, John"]
[Result "1-0"]
[WhiteElo "2020"]
[BlackElo "1930"]
[PlyCount "87"]
[EventDate "2020.05.05"]
[WhiteTeam "MK Phoenix 1"]
[BlackTeam "St Albans 1"]

1. e4 c5 2. c4 Nc6 3. Nf3 e6 4. d4 cxd4 5. Nxd4 Nf6 6. Nxc6 bxc6 7. Bd3 e5 8.
O-O Bc5 9. Qf3 O-O 10. Be3 Bxe3 11. Qxe3 Re8 12. Nc3 d6 13. h3 Be6 14. Rfd1 Qb6
15. Qxb6 axb6 16. a3 h6 17. Rd2 Red8 18. Rad1 Rd7 19. Be2 Rad8 20. Kh2 Kf8 21.
Kg3 Ke7 22. f4 exf4+ 23. Kxf4 g5+ 24. Ke3 d5 25. cxd5 cxd5 26. e5 Ne4 27. Nxe4
dxe4 28. Rxd7+ Rxd7 29. Kxe4 Rxd1 30. Bxd1 f5+ 31. exf6+ Kxf6 32. Bg4 Bb3 33.
Kd4 Ba4 34. Kd5 Ke7 35. Bf3 Be8 36. Ke5 Bd7 37. Be4 Bc8 38. b4 Bd7 39. Bd5 Bc8
40. a4 Bd7 41. a5 bxa5 42. bxa5 Bc8 43. Bc4 Bb7 44. a6 1-0

[Event "4NCL Online Division 2"]
[Site "online"]
[Date "2020.05.05"]
[Round "5.121"]
[White "Brady, Stephen"]
[Black "Jugand, Jean-Baptiste"]
[Result "0-1"]
[WhiteElo "2287"]
[BlackElo "2065"]
[PlyCount "110"]
[EventDate "2020.05.05"]
[WhiteTeam "St Benildus A"]
[BlackTeam "Kent KJCA Kestrels B"]

1. e4 c6 2. d4 d5 3. exd5 cxd5 4. c4 Nf6 5. Nc3 g6 6. cxd5 Nxd5 7. Qb3 Nb6 8.
d5 Bg7 9. Be3 O-O 10. Rd1 Bf5 11. Nf3 Na6 12. Be2 Rc8 13. O-O Nc5 14. Qb4 Na6
15. Qh4 Nc7 16. Nd4 Nbxd5 17. Nxf5 gxf5 18. Bxa7 e6 19. Qg3 Qf6 20. Bd4 f4 21.
Qh3 Qg6 22. Bd3 Qh6 23. Qxh6 Bxh6 24. Ne4 Bg7 25. Bxg7 Kxg7 26. Nd6 Rb8 27. Be4
Rfd8 28. Nc4 f5 29. Bf3 Kf6 30. Rfe1 Nb4 31. a3 Nc2 32. Rxd8 Rxd8 33. Rd1 Nd4
34. Kf1 b5 35. Na5 e5 36. Be2 Nce6 37. Rc1 e4 38. Nb7 Rd7 39. Nc5 Rc7 40. b4
Nxc5 41. bxc5 Ke5 42. c6 Kd5 43. Rd1 Kc5 44. Rc1+ Kb6 45. Rd1 Nxe2 46. Kxe2
Rxc6 47. Rd5 Rc2+ 48. Ke1 Rc5 49. Rd6+ Ka5 50. Rh6 Ka4 51. Rxh7 Kxa3 52. h4 b4
53. Ra7+ Kb2 54. h5 b3 55. h6 Kc2 0-1

[Event "4NCL Online Division 2"]
[Site "online"]
[Date "2020.05.05"]
[Round "5.122"]
[White "Watson, Jacob"]
[Black "Ryan, Joseph"]
[Result "1/2-1/2"]
[WhiteElo "2095"]
[BlackElo "2271"]
[PlyCount "48"]
[EventDate "2020.05.05"]
[WhiteTeam "Kent KJCA Kestrels B"]
[BlackTeam "St Benildus A"]

1. d4 g6 2. e4 Bg7 3. Nc3 c6 4. f4 d5 5. Nf3 dxe4 6. Nxe4 Nd7 7. Bd3 Ndf6 8.
Nf2 Nh6 9. O-O O-O 10. c3 Bf5 11. Kh1 Bxd3 12. Qxd3 c5 13. dxc5 Qc7 14. Be3 Nf5
15. Nd4 Nxe3 16. Qxe3 Nd5 17. Qf3 e6 18. Ne4 b6 19. Nb5 Qc6 20. c4 Ne7 21. Rad1
bxc5 22. b3 a6 23. Na3 Qc7 24. Nc2 Nf5 1/2-1/2

[Event "4NCL Online Division 2"]
[Site "online"]
[Date "2020.05.05"]
[Round "5.123"]
[White "Venkatesan, Kavin"]
[Black "Ball, Laurence"]
[Result "1-0"]
[WhiteElo "1971"]
[BlackElo "2090"]
[PlyCount "41"]
[EventDate "2020.05.05"]
[WhiteTeam "St Benildus A"]
[BlackTeam "Kent KJCA Kestrels B"]

1. d4 f5 2. c4 Nf6 3. Nc3 g6 4. g3 d6 5. Bg2 Bg7 6. Nh3 O-O 7. O-O e5 8. e3 Nc6
9. Nd5 Nxd5 10. cxd5 Ne7 11. dxe5 dxe5 12. Qb3 Qd6 13. Bd2 Kh8 14. Bb4 Qf6 15.
Rac1 Rd8 16. Rxc7 Bf8 17. Rd1 Ng8 18. Bxf8 Rxf8 19. d6 Be6 20. Qxb7 Bf7 21.
Rxf7 1-0

[Event "4NCL Online Division 2"]
[Site "online"]
[Date "2020.05.05"]
[Round "5.124"]
[White "Merriman, James"]
[Black "Lyons, Brendan"]
[Result "0-1"]
[WhiteElo "1997"]
[BlackElo "1941"]
[PlyCount "22"]
[EventDate "2020.05.05"]
[WhiteTeam "Kent KJCA Kestrels B"]
[BlackTeam "St Benildus A"]

1. d4 d5 2. c4 Bf5 3. Nc3 e6 4. Nf3 Nc6 5. Nh4 Qxh4 6. cxd5 exd5 7. Nxd5 O-O-O
8. g3 Qe4 9. Ne3 Bb4+ 10. Bd2 Qxd4 11. Nxf5 Bxd2+ 0-1

[Event "4NCL Online Division 2"]
[Site "online"]
[Date "2020.05.05"]
[Round "5.131"]
[White "Salmons, Calum"]
[Black "John, Joshua"]
[Result "1-0"]
[WhiteElo "2065"]
[BlackElo "2042"]
[PlyCount "123"]
[EventDate "2020.05.05"]
[WhiteTeam "Sussex Starlings"]
[BlackTeam "CSC 2"]

1. e4 c5 2. Nc3 e6 3. f4 Nc6 4. Nf3 a6 5. d3 Nge7 6. g3 g6 7. Bg2 Bg7 8. Be3 b6
9. d4 cxd4 10. Nxd4 O-O 11. h4 h5 12. g4 e5 13. Nxc6 dxc6 14. Qxd8 Rxd8 15.
Bxb6 Re8 16. gxh5 Rb8 17. Bc7 Rxb2 18. O-O-O Rb7 19. Bxe5 Bxe5 20. fxe5 gxh5
21. Bf3 Ng6 22. Bxh5 Nxe5 23. Rhg1+ Kf8 24. Be2 Rb4 25. h5 Ke7 26. a3 Rb6 27.
Na4 Rb8 28. Nc5 a5 29. Rg7 Rh8 30. Rf1 Be6 31. Nxe6 Kxe6 32. Rf5 Rbd8 33. c3
Rh6 34. Rgg5 f6 35. Rg7 Rhh8 36. Ra7 Ra8 37. Rxa8 Rxa8 38. h6 Rh8 39. Rh5 Kf7
40. Kc2 Kg6 41. Kb3 Nd3 42. Ka4 Nf4 43. Rh2 Nxe2 44. Rxe2 Rxh6 45. Rg2+ Kf7 46.
Kxa5 Rh3 47. c4 Rxa3+ 48. Kb6 Rc3 49. c5 Ke6 50. Kxc6 Ke5 51. Rf2 Kd4 52. Rf5
Ra3 53. Kd6 Kxe4 54. Rxf6 Rd3+ 55. Kc7 Rc3 56. c6 Ke5 57. Rd6 Rh3 58. Rd7 Ra3
59. Kc8 Ke6 60. Rb7 Kd6 61. c7 Rg3 62. Kb8 1-0

[Event "4NCL Online Division 2"]
[Site "online"]
[Date "2020.05.05"]
[Round "5.132"]
[White "Fink-Nunn, Petra"]
[Black "Gray, Edward"]
[Result "1-0"]
[WhiteElo "1966"]
[BlackElo "2012"]
[PlyCount "85"]
[EventDate "2020.05.05"]
[WhiteTeam "CSC 2"]
[BlackTeam "Sussex Starlings"]

1. e4 d6 2. d4 Nf6 3. Nc3 Nbd7 4. f4 e5 5. Nf3 exd4 6. Qxd4 c6 7. e5 dxe5 8.
fxe5 Bc5 9. Qf4 Nd5 10. Nxd5 cxd5 11. Bd2 Nf8 12. O-O-O Ne6 13. Qg3 Bd7 14. Bd3
Qb6 15. Rhf1 O-O-O 16. Ng5 Nxg5 17. Bxg5 Rdf8 18. Bf5 Bxf5 19. Rxf5 h6 20. Bd2
Qe6 21. Rdf1 Kb8 22. Qf3 Bd4 23. c3 Bxe5 24. Re1 f6 25. Rexe5 fxe5 26. Rxf8+
Rxf8 27. Qxf8+ Kc7 28. Qxg7+ Kc8 29. Qxh6 Qf7 30. Qh8+ Kd7 31. Qxe5 Qf1+ 32.
Kc2 Qxg2 33. Qg3 Qe4+ 34. Qd3 Qg2 35. Qb5+ Kc7 36. Qc5+ Kd7 37. h4 b6 38. Qd4
Kc6 39. h5 a5 40. h6 Qg6+ 41. Qd3 Qe8 42. h7 Qh8 43. Qg6+ 1-0

[Event "4NCL Online Division 2"]
[Site "online"]
[Date "2020.05.05"]
[Round "5.133"]
[White "Howell, Oliver W"]
[Black "Lawson, Maurice E"]
[Result "1/2-1/2"]
[WhiteElo "2057"]
[BlackElo "1983"]
[PlyCount "68"]
[EventDate "2020.05.05"]
[WhiteTeam "Sussex Starlings"]
[BlackTeam "CSC 2"]

1. Nf3 d5 2. d4 Nf6 3. Bg5 e6 4. Nbd2 Be7 5. e3 Nbd7 6. Bd3 O-O 7. O-O h6 8.
Bh4 b6 9. Ne5 Nxe5 10. dxe5 Nd7 11. Bxe7 Qxe7 12. f4 Nc5 13. Nf3 Nxd3 14. Qxd3
c5 15. Rfd1 Bb7 16. c3 Rad8 17. Rab1 Rd7 18. b4 Rfd8 19. bxc5 bxc5 20. h3 g6
21. Rb2 d4 22. exd4 Bxf3 23. Qxf3 cxd4 24. cxd4 Rxd4 25. Rxd4 Rxd4 26. Rb8+ Rd8
27. Qa8 Qc5+ 28. Kh2 Rxb8 29. Qxb8+ Kg7 30. Qd8 Qe3 31. Qf6+ Kg8 32. Qd8+ Kg7
33. Qf6+ Kg8 34. Qd8+ Kg7 1/2-1/2

[Event "4NCL Online Division 2"]
[Site "online"]
[Date "2020.05.05"]
[Round "5.134"]
[White "Warren, Alex M"]
[Black "Sutton, Daniel"]
[Result "0-1"]
[WhiteElo "1960"]
[BlackElo "2005"]
[PlyCount "88"]
[EventDate "2020.05.05"]
[WhiteTeam "CSC 2"]
[BlackTeam "Sussex Starlings"]

1. Nf3 Nf6 2. c4 g6 3. b3 Bg7 4. Bb2 O-O 5. g3 c6 6. Bg2 d5 7. O-O b6 8. Qc2
Bb7 9. d3 Nbd7 10. Nbd2 Rc8 11. Rfd1 Qc7 12. e4 dxe4 13. dxe4 c5 14. e5 Ng4 15.
e6 Nde5 16. Nxe5 Nxe5 17. exf7+ Rxf7 18. Rab1 Bxg2 19. Kxg2 Ng4 20. Bxg7 Rxf2+
21. Kg1 Rg2+ 22. Kxg2 Ne3+ 23. Kg1 Nxc2 24. Bh6 Nd4 25. Rf1 Nf5 26. Bf4 e5 27.
Bg5 h6 28. Bf6 Rf8 29. Ne4 Qc6 30. Rbe1 Rxf6 31. Nxf6+ Qxf6 32. Re4 Qd6 33.
Rfe1 Nd4 34. Kg2 Nc6 35. R1e2 Kg7 36. h4 h5 37. R4e3 Nd4 38. Rf2 Nf5 39. Ree2
Qc6+ 40. Kh2 e4 41. Rf4 e3 42. Rg2 Qd6 43. Kh3 Qe6 44. Kh2 e2 0-1

[Event "4NCL Online Division 2"]
[Site "online"]
[Date "2020.05.05"]
[Round "5.141"]
[White "Wilson, Jaimie"]
[Black "Burrows, Martin P"]
[Result "1/2-1/2"]
[WhiteElo "2097"]
[BlackElo "2125"]
[PlyCount "107"]
[EventDate "2020.05.05"]
[WhiteTeam "Wessex Some Stars A"]
[BlackTeam "Wigston 1"]

1. e4 c5 2. Nf3 d6 3. g3 Nc6 4. Bg2 Nf6 5. d3 g6 6. O-O Bg7 7. Nc3 O-O 8. h3
Rb8 9. Be3 Nd7 10. Rb1 b5 11. Qd2 b4 12. Ne2 Qa5 13. Bh6 e5 14. Ra1 Qd8 15. Nh2
Bxh6 16. Qxh6 Qf6 17. Ng4 Qg7 18. Qxg7+ Kxg7 19. Ne3 Nf6 20. f4 Nd4 21. Nxd4
exd4 22. Nc4 Ne8 23. Rae1 Be6 24. e5 d5 25. Nd2 Nc7 26. Nb3 Rb5 27. g4 f5 28.
exf6+ Rxf6 29. Re5 a5 30. f5 gxf5 31. gxf5 Bg8 32. Re7+ Rf7 33. f6+ Kf8 34.
Rfe1 Rxe7 35. Rxe7 Ne8 36. Ra7 Nxf6 37. Rxa5 Rxa5 38. Nxa5 Ke7 39. Nb3 Kd6 40.
Kf2 Be6 41. Nd2 Nh5 42. Nf3 h6 43. Ng1 Ng7 44. Ne2 Nf5 45. c3 dxc3 46. bxc3 d4
47. c4 Ne3 48. Nc1 Bf5 49. h4 Ke5 50. Bf3 Kf4 51. Ne2+ Ke5 52. Nc1 Kf4 53. Ne2+
Ke5 54. Nc1 1/2-1/2

[Event "4NCL Online Division 2"]
[Site "online"]
[Date "2020.05.05"]
[Round "5.142"]
[White "Horspool, Philip J"]
[Black "Lukosius, Rolandas"]
[Result "1/2-1/2"]
[WhiteElo "2057"]
[BlackElo "2094"]
[PlyCount "35"]
[EventDate "2020.05.05"]
[WhiteTeam "Wigston 1"]
[BlackTeam "Wessex Some Stars A"]

1. e4 c5 2. Nc3 Nc6 3. Bb5 g6 4. Bxc6 dxc6 5. d3 e5 6. f4 Bg7 7. Nf3 Bg4 8. O-O
exf4 9. Bxf4 Ne7 10. Kh1 O-O 11. Qe1 Bxf3 12. Rxf3 h6 13. Qd2 g5 14. Bg3 f5 15.
exf5 Nxf5 16. Ne4 Nxg3+ 17. hxg3 Rxf3 18. gxf3 1/2-1/2

[Event "4NCL Online Division 2"]
[Site "online"]
[Date "2020.05.05"]
[Round "5.143"]
[White "Pye, David E"]
[Black "Morley, Andrew J"]
[Result "1/2-1/2"]
[WhiteElo "2055"]
[BlackElo "2065"]
[PlyCount "39"]
[EventDate "2020.05.05"]
[WhiteTeam "Wessex Some Stars A"]
[BlackTeam "Wigston 1"]

1. e4 c5 2. Nc3 Nc6 3. Bb5 Nd4 4. Nf3 Nxb5 5. Nxb5 g6 6. d4 Bg7 7. c3 Qb6 8. a4
a6 9. dxc5 Qxc5 10. Be3 Qc4 11. Nd2 Qc6 12. Nd4 Qc7 13. a5 Nf6 14. f3 d5 15.
O-O O-O 16. N4b3 dxe4 17. fxe4 Ng4 18. Bf4 e5 19. Bg5 h6 20. h3 1/2-1/2

[Event "4NCL Online Division 2"]
[Site "online"]
[Date "2020.05.05"]
[Round "5.144"]
[White "Lv, Jason"]
[Black "Westrap, Christian F"]
[Result "1-0"]
[WhiteElo "1907"]
[BlackElo "2057"]
[PlyCount "105"]
[EventDate "2020.05.05"]
[WhiteTeam "Wigston 1"]
[BlackTeam "Wessex Some Stars A"]

1. d4 d5 2. c4 c6 3. Nc3 Nf6 4. Nf3 dxc4 5. e3 b5 6. a4 b4 7. Na2 e6 8. Bxc4 a5
9. b3 Be7 10. O-O O-O 11. Bb2 Nbd7 12. Nc1 c5 13. Qe2 Bb7 14. Nd3 cxd4 15. Nxd4
Bd5 16. Bxd5 Nxd5 17. e4 Nc3 18. Bxc3 bxc3 19. Nc6 Qe8 20. Rac1 Nc5 21. Nxe7+
Qxe7 22. Rxc3 Nxd3 23. Rxd3 Rab8 24. Rc1 Qa3 25. Qd1 h6 26. Rdc3 Qb4 27. Qc2
Rfd8 28. g3 Kf8 29. Kg2 Kg8 30. h3 g6 31. Qe2 Qd4 32. R1c2 Kg7 33. h4 h5 34.
Qf3 Rb4 35. Rc7 Rd7 36. e5 Qd5 37. Rxd7 Qxd7 38. Rc5 Qd8 39. Rb5 Rd4 40. Qf6+
Qxf6 41. exf6+ Kxf6 42. Rxa5 Rb4 43. Rb5 Rxb5 44. axb5 Ke5 45. Kf3 f6 46. Ke3
Kd5 47. b4 e5 48. f4 e4 49. b6 Kc6 50. Kxe4 Kxb6 51. f5 g5 52. hxg5 fxg5 53. f6
1-0

[Event "4NCL Online Division 2"]
[Site "online"]
[Date "2020.05.05"]
[Round "5.151"]
[White "Stepanyan, Henrik"]
[Black "Ni, Viktorija"]
[Result "1/2-1/2"]
[WhiteElo "2237"]
[BlackElo "2215"]
[PlyCount "87"]
[EventDate "2020.05.05"]
[WhiteTeam "Wood Green Youth"]
[BlackTeam "ChessPlus Beta"]

1. d4 Nf6 2. c4 g6 3. Nc3 Bg7 4. e4 d6 5. Nf3 O-O 6. h3 c5 7. d5 e5 8. g4 a6 9.
a4 Ne8 10. Bd3 f5 11. gxf5 gxf5 12. exf5 e4 13. Bxe4 Bxf5 14. Ng5 Nd7 15. Qe2
Qe7 16. Ne6 Bxe6 17. dxe6 Ne5 18. Rg1 Kh8 19. Qh5 Nf6 20. Qf5 Nxe4 21. Qxe4
Nf3+ 22. Kf1 Nxg1 23. Nd5 Qe8 24. Kxg1 Qh5 25. Qg4 Qxg4+ 26. hxg4 Bd4 27. Be3
Bxe3 28. fxe3 Rae8 29. e7 Rf7 30. Rf1 Rxf1+ 31. Kxf1 Kg7 32. Kf2 Kf7 33. Kg3
Rg8 34. Kh4 Rg6 35. Kh5 Re6 36. a5 Kg7 37. Kg5 Kf7 38. Kh5 Rg6 39. b3 Ke8 40.
Kh4 Rh6+ 41. Kg5 Rg6+ 42. Kh4 Rh6+ 43. Kg5 Rg6+ 44. Kh4 1/2-1/2

[Event "4NCL Online Division 2"]
[Site "online"]
[Date "2020.05.05"]
[Round "5.152"]
[White "Agafonov, Yuri Dr"]
[Black "Toma, Katarzyna"]
[Result "1/2-1/2"]
[WhiteElo "2106"]
[BlackElo "2289"]
[PlyCount "175"]
[EventDate "2020.05.05"]
[WhiteTeam "ChessPlus Beta"]
[BlackTeam "Wood Green Youth"]

1. d4 Nf6 2. c4 g6 3. Nf3 d5 4. cxd5 Nxd5 5. e4 Nb6 6. Nc3 Bg7 7. Be3 O-O 8. h3
Nc6 9. Be2 Re8 10. O-O Bd7 11. Rc1 e5 12. d5 Ne7 13. Nb5 c6 14. Nd6 Rf8 15.
Nxb7 Qb8 16. d6 Qxb7 17. dxe7 Rfe8 18. Bc5 Bf6 19. Qb3 Be6 20. Qa3 Nc8 21. Ba6
Qc7 22. Rfd1 Bxe7 23. Bxe7 Qxe7 24. Qxe7 Nxe7 25. b3 f6 26. Bb7 Rad8 27. Kf1
Kf7 28. Ke2 Rxd1 29. Kxd1 Rd8+ 30. Ke2 Rd6 31. Nd2 Ke8 32. Rc5 Kd7 33. Ra5 Kc7
34. Ba6 Rd4 35. Bd3 Kb6 36. Ra6+ Kb7 37. Ra5 Kb6 38. Ra6+ Kb7 39. Ra5 Nc8 40.
a3 Nb6 41. Ke3 g5 42. h4 h6 43. hxg5 hxg5 44. g3 Rd8 45. Rc5 Rd6 46. Rc3 Rd8
47. a4 f5 48. Nc4 f4+ 49. gxf4 gxf4+ 50. Ke2 Bxc4 51. Bxc4 Rd4 52. Bd3 Nd7 53.
Bc2 a5 54. Rh3 Kb6 55. Rh8 Kc5 56. Rc8 Rd6 57. Bd3 Kb4 58. Bc4 Nb6 59. Rb8 Kc5
60. Bg8 Rd4 61. f3 Rd6 62. Rb7 Rg6 63. Rb8 Rg2+ 64. Ke1 Rc2 65. Be6 Rc3 66. Ke2
Re3+ 67. Kf2 Rd3 68. Ke2 Rd4 69. Rb7 Rb4 70. Ra7 Kd6 71. Bf7 Nd7 72. Kd3 Nc5+
73. Kc3 Nb7 74. Rxa5 Rxe4 75. fxe4 Nxa5 76. b4 Nb7 77. a5 Kc7 78. Bc4 Nd6 79.
Bd3 Kb7 80. Kd2 Kc7 81. Ke2 Nb5 82. Bxb5 cxb5 83. Kf3 Kb7 84. Kg4 Ka7 85. Kf3
Kb7 86. Kg4 Ka7 87. Kf3 Kb7 88. Kg4 1/2-1/2

[Event "4NCL Online Division 2"]
[Site "online"]
[Date "2020.05.05"]
[Round "5.153"]
[White "Guha, Chirag"]
[Black "Bruhn, Boris"]
[Result "1-0"]
[WhiteElo "1807"]
[BlackElo "2101"]
[PlyCount "119"]
[EventDate "2020.05.05"]
[WhiteTeam "Wood Green Youth"]
[BlackTeam "ChessPlus Beta"]

1. d4 Nf6 2. c4 d5 3. Nf3 c6 4. g3 Bf5 5. Nc3 e6 6. Nh4 Bg4 7. h3 Bh5 8. g4 Bg6
9. Nxg6 hxg6 10. g5 Nh5 11. h4 Nd7 12. e3 dxc4 13. Bxc4 Nb6 14. Bd3 Qc7 15. Bd2
O-O-O 16. Qe2 e5 17. dxe5 Qxe5 18. O-O-O Kb8 19. Kb1 Bb4 20. a3 Be7 21. Be1 Qe6
22. Rg1 Nd7 23. Qc2 Ne5 24. Be2 f5 25. Rxd8+ Rxd8 26. Na4 b6 27. Nc3 c5 28. Qa4
Qc8 29. f4 Ng4 30. Bf3 Nh2 31. Bh1 Qd7 32. Bc6 Qe6 33. Rg2 Nf1 34. Bf3 Rd3 35.
Qa6 Qd7 36. Rf2 Nfg3 37. Bc6 Rd1+ 38. Nxd1 Qxc6 39. Bc3 Ne4 40. Rc2 Qe6 41.
Be5+ Bd6 42. Nc3 Nxc3+ 43. Rxc3 Bxe5 44. fxe5 Qxe5 45. Rd3 Qe4 46. Ka1 Qe8 47.
Qc4 Kb7 48. Qd5+ Kc7 49. Qd6+ Kb7 50. Qd7+ Qxd7 51. Rxd7+ Kc6 52. Rxa7 Kd5 53.
Rb7 Kc6 54. Re7 Kd6 55. Ra7 Kd5 56. a4 Ke4 57. Ra6 Kxe3 58. Rxb6 f4 59. Rb3+
Kd4 60. a5 1-0